Statistics for States of the Weimar Republic in 1920 on a Map

Click here to take the quiz!

General Stats

  • This quiz has been taken 796 times
  • The average score is 11 of 18

Answers on the Map

Answers color-coded by a green-red scale on the quiz's map according to % correct below.
 

Answer Stats

States% Correct
Bavaria
98%
Prussia
92%
Saxony
92%
Baden
88%
Württemberg
84%
Hamburg
81%
Hesse
76%
Bremen
75%
Thuringia
61%
Oldenburg
60%
Anhalt
57%
Lübeck
53%
Brunswick
42%
Lippe
37%
Mecklenburg-Schwerin
33%
Mecklenburg-Strelitz
30%
Schaumburg-Lippe
20%
Waldeck-Pyrmont
18%

Score Distribution

Percentile by Number Answered

Percent of People with Each Score

Your Score History

You have not taken this quiz